00915njm a2200241Ia 4500001000600000003000900006005001700015008004100032040001300073040001300086100002200099100001800121100003800139245001600177250001100193260001000204260006400214300001700278500002400295505022900319650005900548700006600607B7570IT-RoPAU20220918181131.0131025s9999 xx 000 0 und d aIT-RoPAU cIT-RoPAU aJarre Jean-Michel eAutore musica gCodice autore musica SPICS: 10957 aChronologie a1a ed. aPARIS bDISQUE DREYFUSc1993 [1a Ed.:1993 - Ed. Lingua Orig.: 1993] aCOMPACT DISC aMusica strumentale. aChronologie Part 1 (10:51) - Chronologie Part 2 (6:05) - Chronologie Part 3 (3:59) - Chronologie Part 4 (3:59) - Chronologie Part 5 (5:34) - Chronologie Part 6 (3:45) - Chronologie Part 7 (2:17) - Chronologie Part 8 ( 5:33) aSTRUMENTALE [COMPACT DISC]eCodice MATERIA SPICS: 9949 aJarre Jean-MichelgCodice interprete SPICS: 10957eInterprete